00803cam a2200253 a 4500001000500000005001700005020001500022040002300037050002100060082001100081100002100092245006500113260003600178300005800214490002100272505000800293520012900301521002000430521002000450650002000470650001900490650002000509700002000529307420240202135444.0 a0394854438 aDLCcDLCdDLCbeng00aPZ7.B4483b 198200a813.541 aBerenstain, Stan14aThe Berenstain Bears in the dark /cStan and Jan Berenstain. aNew York :bRandom House,c1982 a29 unnumbered pages : bcolor illustrations ;c21 cm.1 aFirst time books aR  aWhen Brother Bear brings a spooky book from the library, bedtime and the dark become ominous and threatening to Sister Bear. a690 bLexile  aR bRaz-Plus  1aNightxFiction. 1aFearxFiction. 1aBearsxFiction.1 aBerenstain, Jan